00450nam a22001337a 4500003000500000038001800005082000800023100003000031245009800061264003500159650003200194700003300226856005700259NUST aNusrat Nadeem a200 aBaig, Muhammad Danish Zia aDetection of Minor Defects on Metal Surfaces using Deep Learning/cMuhammad Danish Zia Baig,  aIslamabad:bSEECS NUST.c2025. aMS- Electrical Engineering  aSupervisor: Dr. Mohsin Kamal uhttp://10.250.8.41:8080/xmlui/handle/123456789/54635